Διερεύνηση της πιθανής ύπαρξης υποθαλάσσιων κοιτασμάτων αδρανών υλικών γύρω από τη Λέσβο : μεταπτυχιακή διπλωματική εργασία

Στη παρούσα μεταπτυχιακή διατριβή ειδίκευσης μελετήθηκαν τα υποθαλάσσια τμήματα τριών παράκτιων περιοχών της νήσου Λέσβου (Στενό Λέσβου, Βατερά και Ερεσός) με σκοπό τη διερεύνηση της πιθανής ύπαρξης υποθαλάσσιων κοιτασμάτων αδρανών υλικών (π.χ. άμμων) στα πλαίσια κυρίως της κάλυψης των αναγκών στον...

Πλήρης περιγραφή

Αποθηκεύτηκε σε:
Λεπτομέρειες βιβλιογραφικής εγγραφής
Κύριος συγγραφέας: Γαζής, Ιάσων-Ζώης
Συγγραφή απο Οργανισμό/Αρχή: Πανεπιστήμιο Αιγαίου Σχολή Περιβάλλοντος Τμήμα Επιστημών της Θάλασσας Πρόγραμμα Μεταπτυχιακών Σπουδών Ολοκληρωμένη Διαχείριση Παράκτιων Περιοχών
Μορφή: Thesis Βιβλίο
Γλώσσα:Greek
Δημοσίευση: 2016.
Θέματα:
Διαθέσιμο Online:http://hdl.handle.net/11610/17111
Ετικέτες: Προσθήκη ετικέτας
Δεν υπάρχουν, Καταχωρήστε ετικέτα πρώτοι!

MARC

LEADER 00000cam a2200000 a 4500
001 1/113193
008 170301s2016####gr | ||| |||| ||gre||
040 |a GR-MyUa  |b gre  |c GR-MyUa  |e AACR2 
041 0 |a gre 
082 7 |a 551.303  |2 (23) 
100 1 |a Γαζής, Ιάσων-Ζώης. 
245 1 0 |a Διερεύνηση της πιθανής ύπαρξης υποθαλάσσιων κοιτασμάτων αδρανών υλικών γύρω από τη Λέσβο :   |b μεταπτυχιακή διπλωματική εργασία /   |c Γαζής Ιάσων-Ζώης ; επιβλέπων: Χασιώτης Θωμάς.  
260 |c 2016.  
300 |a 84 σ. :   |b εικ., πιν. ;   |c 29 εκ.  
502 |a Διατριβή (μεταπτυχιακή) - Πανεπιστήμιο Αιγαίου, Λέσβος, 2016.  
504 |a Βιβλιογραφία: σ. 79-83.  
506 1 |a Ηλεκτρονική διάθεση στο πλήρες κείμενο - περιορισμένης πρόσβασης ;   |d Ελεύθερη διάθεση μόνο στα μέλη του Πανεπιστημίου Αιγαίου.  
520 8 |a Στη παρούσα μεταπτυχιακή διατριβή ειδίκευσης μελετήθηκαν τα υποθαλάσσια τμήματα τριών παράκτιων περιοχών της νήσου Λέσβου (Στενό Λέσβου, Βατερά και Ερεσός) με σκοπό τη διερεύνηση της πιθανής ύπαρξης υποθαλάσσιων κοιτασμάτων αδρανών υλικών (π.χ. άμμων) στα πλαίσια κυρίως της κάλυψης των αναγκών στον παράκτιο χώρο της Λέσβου, όπως αναπλήρωσης υλικού λόγω διάβρωσης (Ερεσός), δημιουργία νέων παραλιών (π.χ. στο παραλιακό μέτωπο του Στενού Μυτιλήνης) κλπ. Η συλλογή των δεδομένων έγινε με τη χρήση πολυδεσμικού ηχοβολιστή (MBES) και τομογράφου υποδομής πυθμένα (SBP). Συνολικά σαρώθηκαν 226.5 km2 κατά μήκος 273 km γραμμών πλεύσης και συλλέχθηκαν 49 επιφανειακά δείγματα ιζήματος. Η μελέτη των περιοχών με βάση (α) τα ακουστικά χαρακτηριστικά των τομογραφιών, (β) τις βυθομετρικές / μορφολογικές αποτυπώσεις, (γ) τα αποτελέσματα των κοκκομετρικών αναλύσεων, (δ) τις μακροσκοπικές παρατηρήσεις κατά τη συλλογή των δειγμάτων (π.χ. παρουσία ποσειδωνίας) και (ε) την υπάρχουσα βιβλιογραφία σχετικά με την ορυκτολογική σύσταση των ιζημάτων, έδειξε ότι στην υποθαλάσσια περιοχή της Ερεσού εντοπίζεται μια περιοχή απόθεσης αδρομερών μάλλον ιζημάτων σε βάθη από 30 m έως 60 m συνολικής έκτασης ~1000000 m2. Το πάχος της απόθεσης κυμαίνεται μεταξύ 1.5 έως 13 m, ενώ ο όγκος του ιζήματος αγγίζει τα ~3000000 m3. Αντίθετα, στις περιοχές των Βατερών και του Στενού της Λέσβου τα αποτελέσματα δείχνουν την παρουσία μεγαλύτερων ποσοστών ιλύος που σε συνδυασμό με άλλους αποτρεπτικούς παράγοντες (ναυάγιο, παρουσία ποσειδωνίας, εγγύτητα σε ακτές κολύμβησης) καθιστούν περισσότερο προβληματική την πιθανή εξορυκτική δραστηριότητα. Παρόλα αυτά χωροθετήθηκαν δύο ζώνες που θα μπορούσαν να μελετηθούν διεξοδικότερα ώστε να ελεγχθεί η πιθανότητα ύπαρξης και η δυνατότητα εξόρυξης υποθαλάσσιων αδρανών. Σε κάθε περίπτωση, για όλες τις περιοχές απαιτείται έρευνα με περισσότερο εξειδικευμένο εξοπλισμό, σε σχέση με την παρούσα έρευνα, ενώ σε περίπτωση εκμετάλλευσης απαιτείται εμπεριστατωμένη “Μελέτη Περιβαλλοντικών Επιπτώσεων”, καθώς και οικονομοτεχνικές μελέτες. 
540 |a Κλειδωμένη η δυνατότητα αντιγραφής (copy) από το ηλεκτρονικό τεκμήριο.  
650 0 |a Sedimentation and deposition  |z Greece  |z Lesbos (Municipality) 
650 0 |a Marine sediments. 
650 0 |a Estuarine sediments. 
700 1 |a Χασιώτης, Θωμάς,  |e dgs 
710 2 |a Πανεπιστήμιο Αιγαίου  |b Σχολή Περιβάλλοντος  |b Τμήμα Επιστημών της Θάλασσας  |b Πρόγραμμα Μεταπτυχιακών Σπουδών Ολοκληρωμένη Διαχείριση Παράκτιων Περιοχών. 
852 |a INST  |b LESVOS  |c DIATR  |e 20170301  |h 282  |p 005100059408  |q 005100059408  |t MTXE  |y 23 
856 |u http://hdl.handle.net/11610/17111 
924 |a Γαζής   |b Ιάσων-Ζώης  |y Λέσβος  |z 2016-10 
970 |a Πατσή   |b Ανθίππη  |z 01-03-2017